Sports Quiz

Random Sports or MLB Quiz

MLB Players with 50+ HR & 140+ RBI Quiz Stats

Quiz Updated Mar 8, 2016

Challenge
Share
Tweet
Embed
Score 0/20 Timer 03:00
4 Plays Today
Year & Team Player % Correct
1928 YankeesBabe Ruth
97.7%
1927 YankeesBabe Ruth
97.7%
1921 YankeesBabe Ruth
97.7%
2007 YankeesAlex Rodriguez
97.6%
2002 RangersAlex Rodriguez
97.6%
2001 CubsSammy Sosa
97%
1999 CubsSammy Sosa
97%
1998 CubsSammy Sosa
97%
1998 MarinersKen Griffey Jr.
95.8%
1997 MarinersKen Griffey Jr.
95.8%
Year & Team Player % Correct
2006 PhilliesRyan Howard
94.6%
1999 CardinalsMark McGwire
93.5%
1998 CardinalsMark McGwire
93.5%
1961 YankeesRoger Maris
85.2%
2001 DiamondbacksLuis Gonzalez
83.5%
1938 Red SoxJimmie Foxx
66.6%
1932 AthleticsJimmie Foxx
66.6%
1938 TigersHank Greenberg
58.1%
1930 CubsHack Wilson
52.7%
1977 RedsGeorge Foster
52.1%

You're not logged in!

Compare scores with friends on all Sporcle quizzes.
Join for Free
OR
Log In

You Might Also Like...

Show Comments

Extras

Top Quizzes Today


Score Distribution

Your Account Isn't Verified!

In order to create a playlist on Sporcle, you need to verify the email address you used during registration. Go to your Sporcle Settings to finish the process.

Report this User

Report this user for behavior that violates our Community Guidelines.

Details: